000 00460nam a2200181Ia 4500
008 100917s9999 xx 000 0 und d
082 _b42648
100 _aजोगळेकर योगिनी
245 _aशर्यत
260 _bमनोरमा प्रकाशन
_c1980
300 _a188
365 _b20
520 _aकथा
630 _aशर्यत
650 _aकथा
730 _aशर्यत
942 _cBOOK
999 _c648042
_d648039